00648nam a22002177a 450000500170000001000110001702000100002803500110003803700160004904000120006508200260007710000210010324500660012424600370019030000610022750000060028865000520029465000430034665000230038965000180041220170124103217.0 a026308 c00.00 a026308 bCen Lib/Ret aDPLbHN a822bइव्सन  aइव्सन  aदेशभर का दुश्मन /cइव्सन  aDeshbhar ka dushman bby Evsan  a133पृष्ठ. c17सेमी(सजिल्द) a  aअंग्रेजी साहित्य  aअंग्रेजी नाटक  aEnglish literature aEnglish drama